[Event "Bayern-chA"]
[Site "Wildflecken"]
[Date "1993.??.??"]
[Round "?"]
[White "Riedel, Wolfgang"]
[Black "Kuraszkiewicz, Michael"]
[Result "1-0"]
[WhiteElo "2320"]
[BlackElo "2350"]
[PlyCount "67"]
[EventDate "1993.??.??"]
[Source "www.chesslib.no"]
[SourceDate "2004.05.04"]

1. d4 Nf6 2. c4 g6 3. Nc3 Bg7 4. e4 d6 5. f4 O-O 6. Nf3 c5 7. d5 e6 8. Be2 exd5 9. e5 Nfd7 10. cxd5 dxe5 11. O-O Re8 12. fxe5 Nxe5 13. Bf4 Nbd7 14. d6 Qb6 15. Nxe5 Nxe5 16. Bxe5 Bxe5 17. d7 Bxd7 18. Qxd7 Bxc3 19. bxc3 Rxe2 20. Rxf7 Rxg2+ 21. Kxg2 Qb2+ 22. Rf2 Qxa1 23. Qd5+ Kh8 24. Qxc5 Kg8 25. Qc4+ Kh8 26. Qb4 h5 27. Qd4+ Kg8 28. Qd5+ Kh8 29. Qe5+ Kg8 30. Qe6+ Kh8 31. Qf6+ Kh7 32. Re2 Rg8 33. Re7+ Kh6 34. Qf4+ 1-0

[Event "SVK Ch"]
[Site "Trencin"]
[Date "1995.??.??"]
[Round "10"]
[White "Kantorik, Marian"]
[Black "Oral, Tomas"]
[Result "0-1"]
[WhiteElo "2265"]
[BlackElo "2405"]
[PlyCount "88"]
[EventDate "1995.??.??"]
[Source "www.chesslib.no"]
[SourceDate "2004.05.04"]

1. d4 Nf6 2. c4 g6 3. Nc3 Bg7 4. e4 d6 5. f4 O-O 6. Nf3 c5 7. d5 e6 8. Be2 exd5 9. e5 dxe5 10. fxe5 Ne4 11. cxd5 Nxc3 12. bxc3 Bg4 13. Bg5 Qd7 14. O-O Bxf3 15. Rxf3 Bxe5 16. Bh6 Rd8 17. Qf1 f5 18. g4 f4 19. h3 Qd6 20. Bxf4 Bxf4 21. Rxf4 Nd7 22. Qf2 Rf8 23. Rf1 Rxf4 24. Qxf4 Qxf4 25. Rxf4 Rf8 26. Re4 Nf6 27. Re6 Kf7 28. Bc4 Re8 29. g5 Ne4 30. Rxe8 Kxe8 31. h4 Nxc3 32. d6 Ne4 33. d7+ Kxd7 34. Bg8 Nd2 35. Kf2 Ke7 36. Bxh7 Kf7 37. h5 gxh5 38. Bd3 c4 39. Bf5 b5 40. Ke2 c3 41. Kd3 b4 42. a3 Nf3 43. Be4 Ne1+ 44. Ke2 c2 0-1

[Event "FSGM April"]
[Site "Budapest"]
[Date "2004.04.06"]
[Round "4"]
[White "Muir, Andrew J"]
[Black "Kustar, Sandor"]
[Result "1-0"]
[WhiteElo "2303"]
[BlackElo "2351"]
[PlyCount "87"]
[EventDate "2004.04.03"]
[Source "Roberto Alvarez"]
[SourceDate "2004.04.19"]

1. d4 Nf6 2. c4 e6 3. Nc3 c5 4. d5 exd5 5. cxd5 d6 6. e4 g6 7. f4 Qe7 8. Nf3 Bg4 9. Be2 Nbd7 10. Nd2 Bxe2 11. Qxe2 Bg7 12. O-O O-O 13. a4 Rfe8 14. Re1 Nh5 15. g3 Nb6 16. Nc4 Bxc3 17. bxc3 Nxd5 18. Qd2 Nb6 19. Nxb6 axb6 20. c4 Nf6 21. e5 Nd7 22. Rd1 Rad8 23. exd6 Qe6 24. Qc3 Qf6 25. Qxf6 Nxf6 26. a5 bxa5 27. Rxa5 Ne4 28. Bb2 b6 29. Ra6 Rxd6 30. Re1 Rde6 31. Re2 Kf8 32. Be5 Nxg3 33. Rb2 f6 34. Bc7 Ne2+ 35. Kf2 Nc1 36. Rbxb6 Nd3+ 37. Kf1 Re1+ 38. Kg2 R8e2+ 39. Kh3 Nf2+ 40. Kh4 Ne4 41. f5 gxf5 42. Rb7 Kf7 43. Kh5 Ng5 44. Be5+ 1-0

[Event "SVK Team Ch"]
[Site "Slovakia"]
[Date "1995.??.??"]
[Round "?"]
[White "Kantorik, Marian"]
[Black "Manik, Mikulas"]
[Result "1-0"]
[WhiteElo "2265"]
[BlackElo "2380"]
[PlyCount "47"]
[EventDate "1995.??.??"]
[Source "www.chesslib.no"]
[SourceDate "2004.05.04"]

1. d4 Nf6 2. c4 g6 3. Nc3 Bg7 4. e4 d6 5. f4 O-O 6. Nf3 c5 7. d5 e6 8. Be2 exd5 9. e5 dxe5 10. fxe5 Ng4 11. Bg5 Qa5 12. cxd5 Nxe5 13. O-O Nxf3+ 14. Bxf3 f6 15. Bf4 c4 16. Kh1 Nd7 17. d6 Kh8 18. Re1 g5 19. Bg3 f5 20. Re7 Rb8 21. Bd5 Qb4 22. Rxg7 Kxg7 23. Qh5 Kh8 24. Re1 1-0

[Event "Polanica Zdroj Open"]
[Site "Polanica Zdroj POL"]
[Date "1995.??.??"]
[Round "10"]
[White "Grobelny, Alojzy"]
[Black "Oliwa, Marek"]
[Result "0-1"]
[WhiteElo "2235"]
[BlackElo "2405"]
[PlyCount "54"]
[EventDate "1995.08.??"]
[Source "www.chesslib.no"]
[SourceDate "2004.05.04"]

1. d4 Nf6 2. c4 c5 3. d5 d6 4. Nc3 g6 5. e4 Bg7 6. f4 O-O 7. Nf3 e6 8. Be2 exd5 9. e5 dxe5 10. fxe5 Ng4 11. Bg5 Qa5 12. cxd5 Nxe5 13. O-O Qb6 14. Nxe5 Bxe5 15. Qd2 f6 16. Bh6 Rd8 17. Bc4 Kh8 18. Rae1 Nc6 19. d6 Bd4+ 20. Kh1 Ne5 21. Rxe5 Bxe5 22. Qd5 Qxd6 23. Qf7 f5 24. Re1 Bd7 25. Nd5 Be6 26. Bg7+ Bxg7 27. Rxe6 Qf4 0-1

[Event "Polanica Zdroj op"]
[Site "Polanica Zdroj"]
[Date "1995.??.??"]
[Round "7"]
[White "Grobelny, Alojzy"]
[Black "Pedzich, Dominik"]
[Result "1-0"]
[WhiteElo "2235"]
[BlackElo "2400"]
[PlyCount "61"]
[EventDate "1995.08.??"]
[Source "www.chesslib.no"]
[SourceDate "2004.05.04"]

1. d4 Nf6 2. c4 g6 3. Nc3 Bg7 4. e4 d6 5. f4 O-O 6. Nf3 c5 7. d5 e6 8. Be2 exd5 9. e5 Ne4 10. Nxd5 Nc6 11. Qc2 Bf5 12. Bd3 dxe5 13. Bxe4 Bxe4 14. Qxe4 f5 15. Qc2 e4 16. Ng5 Nd4 17. Qd1 h6 18. Nh3 b5 19. O-O Rb8 20. Ne3 a6 21. Bd2 Qd6 22. Kh1 Rfd8 23. Rf2 Qe6 24. Qc1 Rbc8 25. Rb1 Bf6 26. b3 Kf7 27. Nd5 Rxd5 28. cxd5 Qxd5 29. Be3 c4 30. bxc4 bxc4 31. Qc3 1-0

[Event "Abu Dhabi (14eme open)"]
[Site "?"]
[Date "2003.08.17"]
[Round "2.9"]
[White "Ezat Mohamed"]
[Black "Rause Olita"]
[Result "1-0"]
[WhiteElo "2410"]
[BlackElo "2222"]
[PlyCount "59"]
[EventDate "2003.??.??"]
[Source "www.chesslib.no"]
[SourceDate "2004.05.04"]

1. d4 Nf6 2. c4 e6 3. Nc3 c5 4. d5 d6 5. e4 exd5 6. cxd5 g6 7. f4 Qe7 8. Nf3 Bg7 9. Bb5+ Nbd7 10. O-O O-O 11. Re1 a6 12. Bf1 Ne8 13. a4 b6 14. Be3 Rb8 15. Bf2 b5 16. axb5 axb5 17. e5 dxe5 18. Bh4 Qd6 19. Nxb5 Qb6 20. fxe5 Nc7 21. Nxc7 Qxc7 22. e6 fxe6 23. dxe6 Ne5 24. e7 Nxf3+ 25. Qxf3 Bd4+ 26. Kh1 Rxf3 27. e8=Q+ Rf8 28. Bc4+ Be6 29. Qxe6+ Kh8 30. Bg3 1-0

[Event "Liechtenstein op"]
[Site "?"]
[Date "1999.??.??"]
[Round "9"]
[White "Kock Hans Uwe"]
[Black "Belotti Bruno"]
[Result "0-1"]
[WhiteElo "2190"]
[BlackElo "2440"]
[PlyCount "40"]
[EventDate "1999.??.??"]
[Source "www.chesslib.no"]
[SourceDate "2004.05.04"]

1. d4 Nf6 2. c4 g6 3. Nc3 Bg7 4. e4 d6 5. f4 O-O 6. Nf3 c5 7. d5 e6 8. Be2 exd5 9. e5 Ng4 10. cxd5 dxe5 11. h3 e4 12. hxg4 exf3 13. Bxf3 Na6 14. g3 c4 15. Qc2 Nb4 16. Qh2 h6 17. Kf1 Nd3 18. g5 Re8 19. Bd2 Qb6 20. gxh6 Bh3+ 0-1

[Event "It (open)"]
[Site "Callao (Peru)"]
[Date "2007.08.10"]
[Round "3"]
[White "Cotrina Moscoso Wilder (PER)"]
[Black "Fernandez Daniel (USA)"]
[Result "1-0"]
[WhiteElo "2183"]
[BlackElo "2447"]
[PlyCount "61"]
[EventDate "2007.??.??"]
[Source "www.chesslib.no"]
[SourceDate "2004.05.04"]

1. d4 Nf6 2. c4 c5 3. d5 e6 4. Nc3 exd5 5. cxd5 d6 6. e4 g6 7. f4 Qe7 8. Nf3 Bg4 9. Be2 Nbd7 10. Nd2 Bxe2 11. Qxe2 Bg7 12. O-O O-O 13. Re1 Ne8 14. Nf3 a6 15. e5 b5 16. Be3 b4 17. Ne4 f5 18. Neg5 Nc7 19. Rad1 Nb6 20. Bxc5 dxc5 21. d6 Qd7 22. dxc7 Qe7 23. Rd6 Nc8 24. Qc4+ Kh8 25. Qxc5 Nxd6 26. exd6 Qd7 27. Re7 Qa4 28. Rxg7 Qd1+ 29. Kf2 Kxg7 30. Qe5+ Kh6 31. Qe7 1-0

[Event "Montréal"]
[Site "?"]
[Date "2003.06.29"]
[Round "4"]
[White "Pruess David"]
[Black "Hua Lefong"]
[Result "1-0"]
[WhiteElo "2331"]
[BlackElo "2294"]
[PlyCount "71"]
[EventDate "2003.??.??"]
[Source "www.chesslib.no"]
[SourceDate "2004.05.04"]

1. d4 Nf6 2. c4 c5 3. d5 e6 4. Nc3 exd5 5. cxd5 d6 6. e4 g6 7. f4 Qe7 8. Nf3 Bg4 9. Bb5+ Nbd7 10. O-O O-O-O 11. Bd3 Bxf3 12. Rxf3 Bg7 13. Rb1 Ne8 14. Qa4 Kb8 15. Nb5 a6 16. Na3 Nc7 17. b4 c4 18. Nxc4 b5 19. Na5 bxa4 20. Nc6+ Ka8 21. Nxe7 Rde8 22. Nc6 f5 23. exf5 Nxd5 24. Bb2 Bxb2 25. Rxb2 gxf5 26. Bxf5 N7b6 27. Bd3 Re1+ 28. Kf2 Rc1 29. Nd4 Rd1 30. Ne2 Nf6 31. Nc3 Rh1 32. h3 Rc8 33. Ne4 Nxe4+ 34. Bxe4+ d5 35. Bxh7 a3 36. Rc2 1-0

[Event "Litomysl Open"]
[Site "Litomysl CZE"]
[Date "1995.??.??"]
[Round "3"]
[White "Sejkora, Vlastimil"]
[Black "Oral, Tomas"]
[Result "1/2-1/2"]
[WhiteElo "2215"]
[BlackElo "2405"]
[PlyCount "37"]
[EventDate "1995.??.??"]
[Source "www.chesslib.no"]
[SourceDate "2004.05.04"]

1. e4 d6 2. d4 g6 3. c4 Nf6 4. Nc3 Bg7 5. Be2 O-O 6. f4 c5 7. d5 e6 8. Nf3 exd5 9. e5 dxe5 10. fxe5 Ne4 11. cxd5 Nxc3 12. bxc3 Nd7 13. Bg5 f6 14. exf6 Bxf6 15. Bxf6 Nxf6 16. O-O Bg4 17. Ng5 Bxe2 18. Qxe2 Qxd5 19. Qe6+ 1/2-1/2

[Event "Liechtenstein Open"]
[Site "Liechtenstein"]
[Date "1995.??.??"]
[Round "7"]
[White "Kock, Hans-Uwe"]
[Black "Novkovic, Milan"]
[Result "0-1"]
[WhiteElo "2250"]
[BlackElo "2370"]
[PlyCount "97"]
[EventDate "1995.05.??"]
[Source "www.chesslib.no"]
[SourceDate "2004.05.04"]

1. d4 Nf6 2. c4 c5 3. d5 g6 4. Nc3 d6 5. e4 Bg7 6. f4 O-O 7. Be2 e6 8. Nf3 exd5 9. e5 dxe5 10. fxe5 Ng4 11. Bg5 Qa5 12. cxd5 Nxe5 13. O-O Nbd7 14. Be7 c4 15. Nxe5 Nxe5 16. Bxf8 Bxf8 17. Kh1 Bf5 18. Rxf5 gxf5 19. Qf1 Qb6 20. Rb1 Re8 21. Qxf5 Qg6 22. Qxg6+ hxg6 23. g3 Rd8 24. Rd1 a6 25. a4 f5 26. Kg2 Kg7 27. h3 Bb4 28. Rd4 Bc5 29. Rd1 Kf6 30. g4 Bb4 31. gxf5 Bxc3 32. bxc3 Kxf5 33. Kf2 Rh8 34. Bf1 Nd7 35. Bxc4 Rxh3 36. Bd3+ Ke5 37. c4 Kd6 38. Bf1 Ra3 39. Rb1 b6 40. Re1 Nc5 41. Re8 Rxa4 42. Rg8 Rb4 43. Ke3 a5 44. Rxg6+ Ke5 45. Rg5+ Kf6 46. Rg8 a4 47. Kd4 a3 48. Bd3 a2 49. Rg1 0-1

[Event "Montreal CAN"]
[Site "?"]
[Date "2005.09.23"]
[Round "7"]
[White "McDonough Jonathan"]
[Black "Lawson Eric"]
[Result "0-1"]
[WhiteElo "2212"]
[BlackElo "2387"]
[PlyCount "78"]
[EventDate "2005.??.??"]
[Source "www.chesslib.no"]
[SourceDate "2004.05.04"]

1. d4 Nf6 2. c4 c5 3. d5 e6 4. Nc3 exd5 5. cxd5 d6 6. e4 g6 7. f4 Qe7 8. Bd3 Bg7 9. Nf3 Bg4 10. O-O O-O 11. h3 Bxf3 12. Qxf3 Nbd7 13. Bd2 a6 14. a4 Rfc8 15. Be1 Ne8 16. Bg3 Rab8 17. Rae1 c4 18. Bb1 b5 19. axb5 axb5 20. e5 b4 21. Ne4 dxe5 22. f5 Ndf6 23. Nxf6+ Bxf6 24. fxg6 hxg6 25. Bxe5 Bxe5 26. Rxe5 Qa7+ 27. Kh1 Rb6 28. Rfe1 Nf6 29. Qg3 Qc7 30. Qg5 Nh5 31. Bf5 Ra8 32. Bb1 c3 33. Re7 Qf4 34. Re8+ Rxe8 35. Rxe8+ Kg7 36. Qd8 Rf6 37. Bd3 cxb2 38. Rh8 b1=Q+ 39. Bxb1 Ng3+ 0-1

[Event "ECC, Panormo GRE"]
[Site "?"]
[Date "2001.??.??"]
[Round "1"]
[White "Gaertner, G."]
[Black "Huizer, M."]
[Result "1-0"]
[WhiteElo "2390"]
[BlackElo "2205"]
[PlyCount "35"]
[EventDate "2001.??.??"]
[Source "www.chesslib.no"]
[SourceDate "2004.05.04"]

1. d4 Nf6 2. c4 e6 3. Nc3 c5 4. d5 exd5 5. cxd5 d6 6. e4 g6 7. f4 Qe7 8. Nf3 Bg4 9. Bb5+ Nbd7 10. O-O Bxf3 11. Qxf3 Bg7 12. e5 dxe5 13. fxe5 Qxe5 14. Bf4 Qd4+ 15. Be3 Qb4 16. a3 Qxb2 17. Bxc5 Kd8 18. Bd4 1-0

[Event "Rilton Cup"]
[Site "Stockholm"]
[Date "1978.??.??"]
[Round "1"]
[White "Holst, Conny"]
[Black "Wockenfuss, Klaus"]
[Result "1/2-1/2"]
[WhiteElo "2190"]
[BlackElo "2400"]
[PlyCount "43"]
[EventDate "1978.??.??"]
[Source "www.chesslib.no"]
[SourceDate "2004.05.04"]

1. d4 c5 2. d5 d6 3. c4 g6 4. Nc3 Bg7 5. e4 Nf6 6. f4 O-O 7. Be2 e6 8. Nf3 exd5 9. e5 dxe5 10. fxe5 Ng4 11. Bg5 Qa5 12. cxd5 Nxe5 13. O-O Nbd7 14. Nxe5 Nxe5 15. Be7 Re8 16. d6 Be6 17. Nd5 Bxd5 18. Qxd5 Rxe7 19. dxe7 Qc7 20. Rac1 Qxe7 21. Qxc5 Qxc5+ 22. Rxc5 1/2-1/2

[Event "Corr"]
[Site "?"]
[Date "2003.05.08"]
[Round "?"]
[White "Kubishin Sergey"]
[Black "Daurelle Herve"]
[Result "0-1"]
[WhiteElo "2241"]
[BlackElo "2347"]
[PlyCount "48"]
[EventDate "2003.??.??"]
[Source "www.chesslib.no"]
[SourceDate "2004.05.04"]

1. d4 Nf6 2. c4 e6 3. Nc3 c5 4. d5 exd5 5. cxd5 d6 6. e4 g6 7. f4 Qe7 8. Nf3 Bg4 9. h3 Bxf3 10. Qxf3 Bg7 11. Bd3 O-O 12. O-O Nbd7 13. Bd2 a6 14. a4 Rab8 15. Rae1 Ne8 16. g4 Nc7 17. e5 dxe5 18. f5 b5 19. g5 Qd6 20. f6 Bh8 21. axb5 c4 22. Be4 Nxb5 23. Nxb5 Rxb5 24. Bc3 Nc5 0-1

[Event "JUG-ch"]
[Site "Novi Sad"]
[Date "1985.??.??"]
[Round "?"]
[White "Redzepagic, Rolando"]
[Black "Jacimovic, Dragoljub"]
[Result "1/2-1/2"]
[WhiteElo "2300"]
[BlackElo "2285"]
[PlyCount "46"]
[EventDate "1985.02.??"]
[Source "ChessBase"]

1. d4 Nf6 2. c4 g6 3. Nc3 Bg7 4. e4 d6 5. f4 O-O 6. Be2 c5 7. d5 e6 8. Nf3 exd5 9. e5 dxe5 10. fxe5 Ng4 11. Bg5 f6 12. exf6 Bxf6 13. Qxd5+ Qxd5 14. Nxd5 Bxg5 15. Nxg5 Nc6 16. Nc7 Rb8 17. Nce6 Bxe6 18. Nxe6 Rfe8 19. Bxg4 Nd4 20. O-O-O Nxe6 21. Bxe6+ Rxe6 22. Rhe1 Rxe1 23. Rxe1 Kf7 1/2-1/2

[Event "Sarkisov mem op"]
[Site "?"]
[Date "2002.??.??"]
[Round "?"]
[White "Zhukov Viktor"]
[Black "Vakhnov Aleksey"]
[Result "0-1"]
[WhiteElo "2220"]
[BlackElo "2362"]
[PlyCount "100"]
[EventDate "2002.??.??"]
[Source "www.chesslib.no"]
[SourceDate "2004.05.04"]

1. d4 Nf6 2. c4 g6 3. Nc3 Bg7 4. e4 O-O 5. f4 d6 6. Nf3 c5 7. d5 e6 8. Be2 exd5 9. e5 dxe5 10. fxe5 Ng4 11. Bg5 Qa5 12. O-O d4 13. Nd5 Nc6 14. a3 Ne3 15. Qc1 Nxd5 16. cxd5 Nxe5 17. Nxe5 Bxe5 18. Be7 Re8 19. d6 Be6 20. Bc4 Rxe7 21. dxe7 Qc7 22. Bxe6 fxe6 23. Qc4 Qxe7 24. Rae1 Qd6 25. Re4 Bxh2+ 26. Kh1 Re8 27. Rfe1 Kf7 28. b4 b6 29. bxc5 bxc5 30. Qb3 Bg3 31. Qb7+ Qe7 32. Rf1+ Kg7 33. Qc6 Rf8 34. Rb1 Bd6 35. Kg1 Rf7 36. Rbe1 e5 37. Qd5 Qf6 38. R4e2 Re7 39. Rf2 Qe6 40. Qa8 Rc7 41. Ref1 c4 42. Qd8 Rd7 43. Qc8 c3 44. Rf8 e4 45. R1f6 Qe7 46. Qc6 Be5 47. Re6 Kxf8 48. Rxe7 Kxe7 49. Kf1 d3 50. Qxe4 c2 0-1

[Event "XXIV Open"]
[Site "Cappelle La Grande FRA"]
[Date "2008.02.20"]
[Round "6"]
[White "Emmenecker, P."]
[Black "Foisor, O."]
[Result "0-1"]
[WhiteElo "2181"]
[BlackElo "2401"]
[PlyCount "74"]
[EventDate "2008.02.16"]
[Source "www.chesslib.no"]
[SourceDate "2004.05.04"]

1. d4 g6 2. c4 Bg7 3. e4 c5 4. d5 d6 5. Nc3 Nf6 6. f4 O-O 7. Nf3 e6 8. Be2 exd5 9. e5 Nfd7 10. exd6 d4 11. Nd5 Nc6 12. f5 Nf6 13. fxg6 hxg6 14. Bf4 Nxd5 15. cxd5 Nb4 16. Bc4 b5 17. a3 bxc4 18. axb4 cxb4 19. O-O Bg4 20. Qe1 Bxf3 21. Rxf3 c3 22. b3 a5 23. Rh3 a4 24. d7 Qxd7 25. Qh4 Qxh3 26. Qxh3 axb3 27. Rb1 b2 28. Kf2 Ra1 29. Qd3 b3 30. d6 Rd8 31. h4 Rxb1 32. Qxb1 d3 33. Qe1 Bf6 34. Be5 d2 35. Qe3 d1=Q 36. Bxc3 b1=Q 37. Qc5 Qbc2+ 0-1

[Event "Klee Memorial"]
[Site "Zurich SUI"]
[Date "1989.??.??"]
[Round "9"]
[White "Spycher, Bernard"]
[Black "Ilic, Zoran"]
[Result "0-1"]
[WhiteElo "2200"]
[BlackElo "2380"]
[PlyCount "52"]
[EventDate "1989.??.??"]
[Source "www.chesslib.no"]
[SourceDate "2004.05.04"]

1. d4 Nf6 2. c4 c5 3. d5 g6 4. Nc3 Bg7 5. e4 d6 6. f4 O-O 7. Nf3 e6 8. Be2 exd5 9. e5 Ne4 10. Nxd5 dxe5 11. O-O Nc6 12. Ng5 Nd6 13. Be3 h6 14. Bxc5 hxg5 15. fxg5 Ne4 16. Bxf8 Qxf8 17. h4 Ng3 18. Nf6+ Bxf6 19. Rxf6 Bf5 20. Bf3 e4 21. Qe1 Qb8 22. Bd1 Qf4 23. c5 Qxh4 24. Qc3 e3 25. Qxe3 Qh1+ 26. Kf2 Ne4+ 0-1

[Event "SVK Team Ch"]
[Site "Slovakia"]
[Date "1995.??.??"]
[Round "?"]
[White "Kantorik, Marian"]
[Black "Balogh, Tomas"]
[Result "1/2-1/2"]
[WhiteElo "2265"]
[BlackElo "2300"]
[PlyCount "101"]
[EventDate "1995.??.??"]
[Source "www.chesslib.no"]
[SourceDate "2004.05.04"]

1. d4 Nf6 2. c4 g6 3. Nc3 Bg7 4. e4 d6 5. f4 O-O 6. Nf3 c5 7. d5 e6 8. Be2 exd5 9. e5 Ne4 10. Nxd5 Nc6 11. Bd3 f5 12. exf6 Nxf6 13. O-O Nxd5 14. cxd5 Nd4 15. Ng5 Bf5 16. Kh1 Qd7 17. Be3 Bxd3 18. Qxd3 Qf5 19. Rad1 Qxd5 20. Bxd4 cxd4 21. Qh3 h6 22. Qe6+ Qxe6 23. Nxe6 Rf7 24. Nxg7 Kxg7 25. Rxd4 Raf8 26. g3 Rf6 27. Rfd1 Rc8 28. R1d2 Kf7 29. Kg2 Ke7 30. Kf3 h5 31. h3 Rc1 32. Re2+ Re6 33. Rxe6+ Kxe6 34. Re4+ Kf6 35. Rd4 Ke6 36. Re4+ Kf6 37. Re2 Rc4 38. g4 hxg4+ 39. hxg4 Rc1 40. Rh2 Rc7 41. Ke4 Rc4+ 42. Ke3 a5 43. b3 Rc3+ 44. Ke4 a4 45. g5+ Kg7 46. bxa4 Rc4+ 47. Kf3 Rxa4 48. Rb2 b5 49. Rxb5 Rxa2 50. Rb7+ Kf8 51. Rb8+ 1/2-1/2

[Event "Tunja"]
[Site "Tunja"]
[Date "1984.??.??"]
[Round "8"]
[White "Gonzalez, G."]
[Black "Gutierrez, Jose Antonio"]
[Result "0-1"]
[WhiteElo "2200"]
[BlackElo "2360"]
[PlyCount "70"]
[EventDate "1984.06.??"]
[Source "ChessBase"]

1. d4 Nf6 2. c4 c5 3. d5 d6 4. Nc3 g6 5. e4 Bg7 6. f4 O-O 7. Nf3 e6 8. Be2 exd5 9. e5 dxe5 10. fxe5 Ng4 11. Bg5 Qa5 12. cxd5 Nxe5 13. O-O c4 14. Kh1 Nbd7 15. Be7 Re8 16. d6 Nb6 17. Nxe5 Qxe5 18. Bf3 Rb8 19. Nd5 Be6 20. Re1 Qxb2 21. Rb1 Qd4 22. Nxb6 axb6 23. Qxd4 Bxd4 24. Rbd1 Bc5 25. d7 Rxe7 26. d8=Q+ Rxd8 27. Rxd8+ Kg7 28. Rb8 c3 29. Rxb7 Re8 30. a3 c2 31. Rc1 Bf5 32. Rc7 Rd8 33. a4 Be4 34. Bg4 Rd2 35. Re1 Bxg2# 0-1

[Event "Nassau Masters 3rd"]
[Site "Long Island"]
[Date "1993.??.??"]
[Round "1"]
[White "La Flair, Roger"]
[Black "Weinstock, Solomon"]
[Result "1-0"]
[WhiteElo "2310"]
[BlackElo "2250"]
[PlyCount "65"]
[EventDate "1993.??.??"]
[Source "www.chesslib.no"]
[SourceDate "2004.05.04"]

1. d4 Nf6 2. c4 c5 3. d5 d6 4. Nc3 g6 5. e4 Bg7 6. f4 O-O 7. Be2 e6 8. Nf3 exd5 9. e5 Ne4 10. cxd5 Nxc3 11. bxc3 Bg4 12. O-O Bxf3 13. Bxf3 dxe5 14. Rb1 Qd6 15. Rxb7 Nd7 16. Qa4 Nb6 17. Qc6 Rfd8 18. Be3 Rac8 19. Qxd6 Rxd6 20. fxe5 Bxe5 21. Rxa7 Bxc3 22. Rc1 Bd4 23. Bxd4 cxd4 24. Rxc8+ Nxc8 25. Ra8 Rd8 26. d6 Kg7 27. d7 Rxd7 28. Rxc8 d3 29. Rc1 Kf6 30. Kf2 Ke6 31. Ke3 Ra7 32. Ra1 Ra3 33. Bd1 1-0

[Event "Evry"]
[Site "?"]
[Date "2005.02.23"]
[Round "4"]
[White "Becker Martin"]
[Black "Justo Damian"]
[Result "1-0"]
[WhiteElo "2251"]
[BlackElo "2306"]
[PlyCount "81"]
[EventDate "2005.??.??"]
[Source "www.chesslib.no"]
[SourceDate "2004.05.04"]

1. d4 Nf6 2. c4 e6 3. Nc3 c5 4. d5 exd5 5. cxd5 d6 6. e4 g6 7. f4 Qe7 8. Nf3 Bg4 9. Bb5+ Nbd7 10. O-O a6 11. e5 axb5 12. Nxb5 Kd8 13. exf6 Nxf6 14. b4 Bg7 15. bxc5 Ne4 16. cxd6 Qd7 17. Rb1 Bxf3 18. Qxf3 f5 19. Be3 Rc8 20. Rfe1 Ke8 21. Bb6 Kf7 22. Bc7 Rhe8 23. Qd3 Ra8 24. a3 Kg8 25. Re3 Ra4 26. Qc2 Rd4 27. Rd3 Rxd3 28. Qxd3 Nf6 29. Nc3 Ng4 30. Qd2 Re3 31. Nb5 Re4 32. h3 Ne3 33. Nc3 Bxc3 34. Qxc3 Nxd5 35. Qb3 Qe6 36. Rd1 Nxc7 37. dxc7 Qxb3 38. c8=Q+ Kf7 39. Rd7+ Re7 40. Rd8 Qe3+ 41. Kh1 1-0

[Event "Bayern-chA"]
[Site "Wildflecken"]
[Date "1993.??.??"]
[Round "?"]
[White "Riedel, Wolfgang"]
[Black "Reis, Gerhard"]
[Result "1/2-1/2"]
[WhiteElo "2320"]
[BlackElo "2235"]
[PlyCount "46"]
[EventDate "1993.??.??"]
[Source "www.chesslib.no"]
[SourceDate "2004.05.04"]

1. d4 Nf6 2. c4 g6 3. Nc3 Bg7 4. e4 d6 5. f4 O-O 6. Nf3 c5 7. d5 e6 8. Be2 exd5 9. e5 dxe5 10. fxe5 Ng4 11. Bg5 f6 12. exf6 Bxf6 13. Bxf6 Qxf6 14. Qxd5+ Be6 15. Qxc5 Nd7 16. Qd4 Nde5 17. O-O-O Rfd8 18. Nd5 Bxd5 19. cxd5 Qf5 20. Nxe5 Nxe5 21. Bd3 Nxd3+ 22. Qxd3 Rac8+ 23. Kb1 Rxd5 1/2-1/2

[Event "White Nights Open"]
[Site "?"]
[Date "1998.06.21"]
[Round "2"]
[White "Marinin Viktor"]
[Black "Kazakov Vladimir A"]
[Result "1-0"]
[WhiteElo "2230"]
[BlackElo "2320"]
[PlyCount "49"]
[EventDate "1998.??.??"]
[Source "www.chesslib.no"]
[SourceDate "2004.05.04"]

1. d4 Nf6 2. c4 g6 3. Nc3 Bg7 4. e4 O-O 5. f4 d6 6. Nf3 c5 7. d5 e6 8. Be2 exd5 9. e5 dxe5 10. fxe5 Ne8 11. cxd5 Bf5 12. O-O a6 13. Bg5 f6 14. Bh4 g5 15. Bg3 fxe5 16. Nxe5 Nd6 17. Bg4 b5 18. Bxf5 Nxf5 19. Qg4 Nd4 20. Ne4 Rxf1+ 21. Rxf1 Ra7 22. Nxg5 Ne2+ 23. Kh1 Nxg3+ 24. hxg3 Qxd5 25. Qc8+ 1-0

[Event "Masters"]
[Site "?"]
[Date "2005.12.18"]
[Round "3"]
[White "Pearson Michael"]
[Black "Kustar Sandor"]
[Result "1/2-1/2"]
[WhiteElo "2173"]
[BlackElo "2375"]
[PlyCount "90"]
[EventDate "2005.??.??"]
[Source "www.chesslib.no"]
[SourceDate "2004.05.04"]

1. d4 Nf6 2. c4 c5 3. d5 e6 4. Nc3 exd5 5. cxd5 d6 6. e4 g6 7. f4 Qe7 8. Nf3 Bg4 9. Bb5+ Nfd7 10. O-O Bg7 11. e5 O-O 12. e6 fxe6 13. dxe6 Nf6 14. Bc4 Nc6 15. Qe1 Bxf3 16. Rxf3 Nd4 17. Rh3 Rad8 18. Nd5 Nxd5 19. Bxd5 Rde8 20. Qe4 Nxe6 21. Bd2 Bd4+ 22. Kh1 Rf6 23. Re1 Kf8 24. Bxb7 Nxf4 25. Rxh7 Qxe4 26. Bxe4 Rfe6 27. Bxf4 Rxe4 28. Rxe4 Rxe4 29. g3 Be5 30. Bxe5 Rxe5 31. Rxa7 Re1+ 32. Kg2 Re2+ 33. Kf3 Rxb2 34. h4 d5 35. g4 c4 36. Ke3 Rg2 37. h5 Rxg4 38. hxg6 d4+ 39. Kf3 Rxg6 40. Rc7 c3 41. Ke4 Rd6 42. Kd3 Ke8 43. a4 Kd8 44. Rc4 Kd7 45. a5 Ke6 1/2-1/2

[Event "Bochum Post Open"]
[Site "Bochum GER"]
[Date "1992.??.??"]
[Round "3"]
[White "Czubak, Michael"]
[Black "Koscielski, Janusch"]
[Result "1-0"]
[WhiteElo "2240"]
[BlackElo "2305"]
[PlyCount "63"]
[EventDate "1992.??.??"]
[Source "www.chesslib.no"]
[SourceDate "2004.05.04"]

1. d4 Nf6 2. c4 g6 3. Nc3 Bg7 4. e4 d6 5. f4 O-O 6. Nf3 c5 7. d5 e6 8. Be2 exd5 9. e5 Nfd7 10. cxd5 dxe5 11. O-O Re8 12. Bc4 e4 13. Ng5 Nb6 14. Bb5 Bd7 15. Bxd7 Bd4+ 16. Kh1 Qxd7 17. f5 e3 18. Qe1 Na6 19. Qh4 h5 20. fxg6 fxg6 21. Nge4 Rf8 22. Bxe3 Bxe3 23. Nf6+ Rxf6 24. Qxf6 Bd4 25. Qxg6+ Qg7 26. Qe6+ Kh8 27. Rf7 Qg5 28. Rf5 Qe3 29. Rxh5+ Kg7 30. Ne4 Rf8 31. Rg5+ Kh7 32. Qg6+ 1-0

[Event "12th Open, Ljubljana SLO"]
[Site "?"]
[Date "2001.??.??"]
[Round "2"]
[White "Krumpak, H."]
[Black "Loncar, R."]
[Result "0-1"]
[WhiteElo "2115"]
[BlackElo "2430"]
[PlyCount "50"]
[EventDate "2001.??.??"]
[Source "www.chesslib.no"]
[SourceDate "2004.05.04"]

1. d4 c5 2. d5 Nf6 3. c4 g6 4. Nc3 Bg7 5. e4 d6 6. f4 O-O 7. Nf3 e6 8. Be2 exd5 9. e5 dxe5 10. fxe5 Ng4 11. cxd5 Nxe5 12. O-O Nbd7 13. d6 Nxf3+ 14. Bxf3 Ne5 15. Bf4 Bf5 16. Bxb7 Rb8 17. Be4 Bxe4 18. Nxe4 Rxb2 19. Qd5 Nd7 20. Nxc5 Nxc5 21. Qxc5 Qa8 22. Rf3 Rc8 23. Qg5 h6 24. Qg3 Qd5 25. Re1 Rcc2 0-1

[Event "Ostende Team Ch EWG"]
[Site "Ostende"]
[Date "1975.09.19"]
[Round "2.4"]
[White "Nilles"]
[Black "Boersma, Paulus A"]
[Result "1/2-1/2"]
[WhiteElo "2200"]
[BlackElo "2335"]
[PlyCount "31"]
[EventDate "1975.??.??"]
[Source "www.chesslib.no"]
[SourceDate "2004.05.04"]

1. d4 Nf6 2. c4 c5 3. d5 g6 4. Nc3 Bg7 5. e4 O-O 6. f4 d6 7. Be2 e6 8. Nf3 exd5 9. e5 dxe5 10. fxe5 Ng4 11. Bg5 f6 12. exf6 Bxf6 13. Qxd5+ Qxd5 14. Nxd5 Bxg5 15. Nxg5 Nc6 16. Nc7 1/2-1/2